| 000 | 00714nam a2200205 a 4500 | ||
|---|---|---|---|
| 005 | 20231027063601.0 | ||
| 008 | 030911m19871993mx r 000 0 spa d | ||
| 020 | _a9683602282 | ||
| 035 | _aUPN01000128758 | ||
| 049 | _aCG | ||
| 050 | 4 |
_aPQ6041 _bE528 |
|
| 245 | 0 | 0 |
_aEn busca del texto : _bteoría de la recepción literaria / _ccomp. Dietrich Rall ; tr. Sandra Franco. |
| 260 |
_aMéxico : _bUNAM, Dirección General de Publicaciones : _bUNAM, Instituto de Investigaciones Sociales, _c1987 (1993 impr.). |
||
| 300 | _a444 p. | ||
| 440 | 0 | _aPensamiento social | |
| 650 | 4 |
_aCrítica literaria _911578 |
|
| 650 | 4 |
_aLiteratura _xHistoria y crítica _95355 |
|
| 700 | 1 |
_aRall, Dietrich, _ecomp. |
|
| 905 | _aLibro | ||
| 999 |
_c100935 _d100935 |
||